পল্লী উন্নয়ন ও প্রাসঙ্গিক ভাবনা: (Record no. 29051)
[ view plain ]
| 000 -LEADER | |
|---|---|
| fixed length control field | 00851nam a22001817a 4500 |
| 003 - CONTROL NUMBER IDENTIFIER | |
| control field | BDDh-ASL |
| 005 - DATE AND TIME OF LATEST TRANSACTION | |
| control field | 20231015031007.0 |
| 008 - FIXED-LENGTH DATA ELEMENTS--GENERAL INFORMATION | |
| fixed length control field | 220811s19811977b ||||| |||| 00| 0 b d |
| 040 ## - CATALOGING SOURCE | |
| Transcribing agency | BDDh-ASL |
| 082 ## - DEWEY DECIMAL CLASSIFICATION NUMBER | |
| Classification number | 300 |
| Item number | PAL |
| 245 0# - TITLE STATEMENT | |
| Title | পল্লী উন্নয়ন ও প্রাসঙ্গিক ভাবনা: |
| Remainder of title | ড: আখতার হামিদ খানের বক্তৃতা সংকলন / |
| 246 ## - VARYING FORM OF TITLE | |
| Title proper/short title | Palli Unnayon O Prasongik Bhabna. |
| 260 ## - PUBLICATION, DISTRIBUTION, ETC. | |
| Place of publication, distribution, etc. | কুমিল্লা: |
| Name of publisher, distributor, etc. | বাংলাদেশ পল্লী উন্নয়ন একাডেমী, |
| Date of publication, distribution, etc. | ১৯৮১। |
| 300 ## - PHYSICAL DESCRIPTION | |
| Extent | ১৮৬ পৃষ্ঠা, |
| Dimensions | ২৪ সে.মি. |
| 650 #0 - SUBJECT ADDED ENTRY--TOPICAL TERM | |
| 9 (RLIN) | 5535 |
| Topical term or geographic name entry element | Social Science (সমাজ বিজ্ঞান) |
| 700 1# - ADDED ENTRY--PERSONAL NAME | |
| 9 (RLIN) | 6400 |
| Personal name | হক, মোহাম্মদ লুতফুল |
| 942 ## - ADDED ENTRY ELEMENTS (KOHA) | |
| Source of classification or shelving scheme | Dewey Decimal Classification |
| Koha item type | Books |
| Withdrawn status | Lost status | Source of classification or shelving scheme | Damaged status | Not for loan | Collection code | Home library | Current library | Shelving location | Date acquired | Source of acquisition | Total Checkouts | Full call number | Barcode | Date last seen | Copy number | Price effective from | Koha item type |
|---|---|---|---|---|---|---|---|---|---|---|---|---|---|---|---|---|---|
| Dewey Decimal Classification | Non-fiction | Asiatic Society Library | Asiatic Society Library | General Stacks | 08/11/2022 | Donated by Prof. A. F. A. Husain | 300 PAL | 117207 | 08/11/2022 | C-1 | 08/11/2022 | Books |